| 000 | 00667nam a2200193Ia 4500 | ||
|---|---|---|---|
| 008 | 160114s9999 xx 000 0 und d | ||
| 020 | _a0-394881788 | ||
| 050 | _aFic | ||
| 050 | _b.H379s 1983 | ||
| 100 | _aHaitzig, Deborah | ||
| 245 | 4 |
_aThe story of the Nutcracker Ballet / _cby Deborah Hautzig ; illustrated by Diane Goode. |
|
| 260 |
_aNew York : _bRandom House, Inc _c1983 |
||
| 300 |
_a32 unnumbered pages : _bcolor illustrations ; _c21 cm. |
||
| 440 | _a Random House pictureback. | ||
| 650 | _aBallets -- Stories, plots, etc. -- | ||
| 650 | _aNutcracker (Choreographic work) -- | ||
| 650 | _xJuvenile literature. | ||
| 650 | _xJuvenile literature. | ||
| 999 |
_c290391 _d290391 |
||